2014 NFL Playoffs - Statistics

General Stats
  • This quiz has been taken 1,529 times
  • The average score is 11 of 12
Answer Stats
Hint Answer % Correct
AFC #1 New England Patriots
99%
AFC #2 Denver Broncos
95%
NFC #2 Green Bay Packers
94%
NFC #1 Seattle Seahawks
94%
AFC #3 Pittsburgh Steelers
92%
AFC #5 Baltimore Ravens
90%
AFC #4 Indianapolis Colts
90%
NFC #4 Carolina Panthers
89%
NFC #3 Dallas Cowboys
89%
NFC #5 Arizona Cardinals
81%
AFC #6 Cincinnati Bengals
80%
NFC #6 Detroit Lions
78%
No matching quizzes found
Score Distribution
Percent of People with Each Score
Percentile by Number Answered
Your Score History
You have not taken this quiz